| 000 | 01347nam a22003497i 4500 | ||
|---|---|---|---|
| 003 | EG-GICUC | ||
| 005 | 20260121101731.0 | ||
| 008 | 260117s1932 fr ||||fr||| 00|00 ffre d | ||
| 040 |
_aEG-GiCUC _bfre _cEG-GiCUC _dEG-GiCUC _eRda |
||
| 041 | _afre | ||
| 082 | 0 | 4 |
_221 _a341.33 _bGE . T |
| 092 | 0 | 4 | _221 |
| 099 | _aLaw1 11 341.33 GE . T 1932 | ||
| 100 | 1 |
_aGenet, Raoul _eAuteur |
|
| 245 | 1 | 0 |
_aTraité De Diplomatie Et De Droit Diplomatique. _nTome III, _pLes Actes Diplomatiques Congrès Et Conférences Technique Histoire Résultata Les Trailés El Conventione L'arbitrage Et La Conciliation / _cRaoul Genet. |
| 264 | 1 |
_aParis : _bA. Pedone, _c1932. |
|
| 300 |
_a611 page ; _c24 cm. _billustration ; |
||
| 336 |
_2rda contenu _a texte |
||
| 337 |
_2rda medias _aOrdinateur |
||
| 338 |
_2 transporteur rda _a Ressource en ligne |
||
| 490 | 0 |
_aPublications de la Revue générale de Droit international public ; _vNuméro 6. |
|
| 504 | _aInclude Bibliographic references | ||
| 546 | _aTexte en français | ||
| 650 | 1 | 4 |
_aDiplomatie _xDroit international public _2qrmak |
| 650 | 1 | 4 |
_aL'agent Diplomatique _2qrmak |
| 650 | 1 | 4 |
_aPersonnel Diplomatique _2qrmak |
| 650 | 1 | 4 |
_aRang Honneurs Préséances _2qrmak |
| 651 | 1 | _2qrmak | |
| 856 | 4 | 0 | _uhttps://fll.law.cu.edu.eg/fulltext/bks/B11-06955.pdf |
| 905 | _a79 | ||
| 942 |
_2ddc _cBK _e21 _n0 |
||
| 999 |
_c57320 _d57320 |
||